ბათუმის შოთა რუსთაველის სახელმწიფო უნივერსიტეტის ბიბლიოთეკა

მოთხრობები:მოგზაური,მაისის დილა,მწვანე ღილი,უკვდავება,თერგის ყორღანებთან (ბიბ.ჩანაწერი № 42489)

000 -LEADER
fixed length control field 01130nam a2200229Ia 4500
001 - CONTROL NUMBER
control field 9186
003 - CONTROL NUMBER IDENTIFIER
control field GE_BSU
008 - FIXED-LENGTH DATA ELEMENTS--GENERAL INFORMATION
fixed length control field 181216s||||||||xx |||||||||||||| ||und||
040 ## - CATALOGING SOURCE
Transcribing agency GE_BSU
080 ## - UNIVERSAL DECIMAL CLASSIFICATION NUMBER
Universal Decimal Classification number 821.353.1–32
100 ## - MAIN ENTRY--PERSONAL NAME
Personal name ლორთქიფანიძე,კონსტანტინე
245 ## - TITLE STATEMENT
Title მოთხრობები:მოგზაური,მაისის დილა,მწვანე ღილი,უკვდავება,თერგის ყორღანებთან
245 ## - TITLE STATEMENT
Remainder of title თერგის ყორღანებთან,როგორ მოკვდა მებადური
245 ## - TITLE STATEMENT
Statement of responsibility, etc. რედ. დ.შენგელია,მხატვ. რ.ვაშაძე
260 ## - PUBLICATION, DISTRIBUTION, ETC.
Place of publication, distribution, etc. თბილისი
260 ## - PUBLICATION, DISTRIBUTION, ETC.
Name of publisher, distributor, etc. სახელგამი
260 ## - PUBLICATION, DISTRIBUTION, ETC.
Date of publication, distribution, etc. 1951
300 ## - PHYSICAL DESCRIPTION
Extent 211გვ.ილ.1ფ.21სმ.
653 ## - INDEX TERM--UNCONTROLLED
Uncontrolled term მოგზაური,მაისის დილა,მწვანე ღილი,უკვდავება,თერგის ყორღანებთან
653 ## - INDEX TERM--UNCONTROLLED
Uncontrolled term მოთხრობები
942 ## - ADDED ENTRY ELEMENTS (KOHA)
Koha item type წიგნი
ეგზემპლარები
Withdrawn status Lost status Damaged status Not for loan Date acquired Barcode Date last seen Price effective from Koha item type
        2018-12-17 32030 2018-12-17 2018-12-17 წიგნი
        2018-12-17 32031 2018-12-17 2018-12-17 წიგნი
        2018-12-17 32032 2018-12-17 2018-12-17 წიგნი
        2018-12-17 32033 2018-12-17 2018-12-17 წიგნი
        2018-12-17 32034 2018-12-17 2018-12-17 წიგნი
        2018-12-17 32035 2018-12-17 2018-12-17 წიგნი
        2018-12-17 32036 2018-12-17 2018-12-17 წიგნი
        2018-12-17 32037 2018-12-17 2018-12-17 წიგნი
        2018-12-17 32038 2018-12-17 2018-12-17 წიგნი
        2018-12-17 32039 2018-12-17 2018-12-17 წიგნი
        2018-12-17 32040 2018-12-17 2018-12-17 წიგნი
        2018-12-17 32041 2018-12-17 2018-12-17 წიგნი